000 00231nam a22000857a 4500
008 161124b xxu||||| |||| 00| 0 eng d
100 _91367
_aBPI India
245 _aThe Wise Brahmin and Ther Stories
260 _aNew delhi
_bBPI India
_c2011
999 _c4081
_d4081